Statystyki dla Kluby 1 ligi 1996/97

Kliknij tutaj aby rozwiązać quiz!

Ogólne statystyki

  • Ten quiz został rozwiązany 31 razy
  • Średni wynik to 11 z 18

Statystyki odpowiedzi

Klub% Poprawnych
Legia Warszawa
93%
Lech Poznań
90%
Polonia Warszawa
86%
Wisła Kraków
86%
ŁKS Łódź
83%
Widzew Łódź
83%
Śląsk Wrocław
76%
Ruch Chorzów
72%
Górnik Zabrze
69%
GKS Katowice
62%
Amica Wronki
59%
Zagłębie Lubin
59%
GKS Bełchatów
52%
Odra Wodzisław Śląski
34%
Stomil Olsztyn
31%
Raków Częstochowa
28%
Hutnik Kraków
21%
Sokół Tychy
10%

Rozkład punktacji

Percentyl według liczby udzielonych odpowiedzi

Procent ludzi z każdym wynikiem

Twoja historia wyników

Nie rozwiązałeś tego quizu